000 00823cam a2200265La 4500
008
020 _a9781908176004 (pbk.)
049 _aMAIN
090 _aHV553
_bHUM
245 1 0 _aHumanitarian Charter and Minimum Standards in Disaster Response /
_cthe Sphere Project.
250 _a3rd ed.
260 _aGeneva :
_bDistributed by Oxfam Pub.,
_c2011.
300 _a393 p. :
_bill. ;
_c21 cm. +
_e1 CD-ROM (4 3/4 in.)
500 _aIncludes index.
504 _aIncludes bibliographical references.
650 0 _aDisaster relief.
650 0 _aEmergency management.
650 0 _aHumanitarian assistance.
700 _aSphere Project.
907 _a.b10328543
_b25-03-13
_c12-03-13
003
005 20230123122004.0
040 _cNUST
942 _cBOOKS
_kHV553
_mHUM
999 _c125875
_d125875